[Event "22nd Hogeschool Zeeland 2018"]
[Site "Vlissingen"]
[Date "2018.08.06"]
[Round "3"]
[White "De Jong, Migchiel"]
[Black "Mareco, Sandro"]
[Result "0-1"]
[WhiteElo "2339"]
[BlackElo "2643"]
[Annotator "TA"]
[PlyCount "240"]
[EventDate "2018.08.04"]
[EventType "swiss"]
[EventCountry "NED"]
[SourceTitle "playchess.com"]
[Source "ChessBase"]
[SourceQuality "1"]

{[%evp 18,240,0,-5,17,10,7,0,0,0,0,0,109,112,106,90,154,-136,-146,-152,-143,-139,-139,-152,-158,-149,-158,-143,-147,-147,-144,-148,-152,-143,-150,-146,-145,-178,-165,-172,-139,-166,-145,-154,-151,-178,-179,-187,-183,-191,-179,-177,-181,-178,-185,-177,-184,-215,-208,-204,-200,-268,-267,-255,-260,-260,-249,-272,-271,-287,-286,-250,-173,-176,-174,-155,-136,-134,-102,-102,-93,-104,-86,-89,-89,-86,-91,-91,-67,-154,-51,-50,-20,-20,-20,-21,-8,-8,-8,-8,-8,-8,-8,-8,-8,-8,-8,-8,-8,-8,-8,-8,-8,-8,-8,-8,-8,-8,-8,-8,-8,-8,-8,-8,-8,-8,-8,-8,-8,-8,-8,-8,-8,-8,-8,-22,-8,-8,-8,-63,-63,-63,-63,-63,-63,-75,-17,-17,-17,-32,-8,-8,-8,-8,-8,-8,-8,-8,-8,-8,-8,-8,-8,-8,-8,-8,-8,-8,-8,-8,-8,-8,-8,-8,-8,-8,-8,-8,-8,-8,0,-8,-8,-8,-8,-8,-8,-8,-8,-8,-8,-8,-8,-8,-8,-8,-8,-8,-8,-8,-8,-8,-8,-8,-8,-8,-8,-8,-8,-8,-8,-8,-8,-8,-8,-8,-8,-8,-8,-8,-8,-29989,-29990,-29990,-29991]} 1. e4 c5 2. Nf3 d6 3. Bb5+ Nd7 4. O-O Ngf6 5. d4 cxd4 6. Qxd4 a6 7. Bxd7+ Bxd7 8. Bg5 e6 {B51: Sicilian: Moscow Variation (3 Bb5+) without 3...Bd7} 9. Nbd2 (9. Rd1 Bc6 10. Nc3 Be7 11. Bh4 O-O 12. e5 dxe5 13. Nxe5 Qxd4 14. Rxd4 Rfc8 15. Rc1 Be8 16. Ng4 {½-½ (82) Grandelius,N (2647)-Wang,H (2711) Caleta 2018}) 9... Bc6 10. Nc4 {LiveBook: 5 Games} Be7 {The position is equal.} 11. Bxf6 gxf6 12. Nb6 Rb8 13. Rfe1 $146 ({Predecessor:} 13. Nd2 Rg8 14. g3 Rg5 15. Ndc4 Qc7 16. Rad1 {½-½ (46) Andersen,J (2307)-Tsygankov,E (2415) ICCF email 2014}) 13... Rg8 $1 14. Nd5 exd5 (14... f5 $11 {remains equal.}) 15. exd5 $16 Bd7 16. Re3 $1 Rg4 (16... Bh3 $142 17. g3 Kd7) 17. Qxf6 $2 (17. Qd3 $1 $16 {[%cal Rd3h7] is necessary to keep the advantage.} f5 18. Rae1) 17... Kf8 $17 18. Qh8+ Rg8 19. Qxh7 Bg5 $1 {[%cal Rg5e3]} 20. Re4 Qf6 $1 {aiming for ...Bf5.} 21. Rae1 Qh6 22. Qxh6+ Bxh6 23. Nd4 Rg4 24. Ne6+ Bxe6 $1 25. dxe6 Rxe4 26. Rxe4 {[%mdl 4096] Endgame Threatening e7+. KRB-KR} Re8 27. Rb4 Rxe6 {[%cal Re6e1]} 28. g3 Re7 29. Rb6 Rd7 30. Kf1 Bg7 31. c3 d5 {[%cal Bd6d5,Bd5d4,Bd4d3][%mdl 32]} 32. Ke2 d4 33. c4 {intending Kd3.} d3+ $1 34. Kd2 Bd4 35. Rb3 Bxf2 {Strongly threatening ...Be3+!} 36. Rxd3 Rc7 37. b3 Re7 38. a3 a5 39. Rd8+ Kg7 40. Rd5 b6 41. Rb5 Re4 42. Kd3 Re1 43. b4 Re3+ 44. Kc2 a4 45. Rxb6 Rxa3 46. Ra6 Bd4 47. c5 Rc3+ 48. Kd2 a3 49. c6 Kf8 50. b5 {[%cal Bb4b5,Bb5b6][%mdl 32]} Be5 51. c7 Rxc7 52. Rxa3 Ke7 53. Kd3 (53. h3 $15) 53... Ke6 ({Better is} 53... Rc1 $1 $17 {And now ...f6 would win.} 54. Ke4 Ke6) 54. Rb3 $1 $15 Kd5 {next ...Bd6 is good for Black.} 55. b6 Rb7 {White must now prevent ...Bd4.} 56. Rb5+ Kd6 {With the idea ...Bf6.} 57. Ke4 Bf6 {White should prevent ...Bd8.} (57... f6 {is interesting.} 58. Kf5 Ke7 59. Rb3 Bd4 60. g4 Bxb6 61. h4 Ke8) 58. g4 Bd8 59. Kf5 Bxb6 60. g5 Kc6 61. Rb3 Ra7 {Black wants to play ...Bd8.} 62. g6 fxg6+ 63. Kxg6 Ra4 64. Rd3 $1 Bc7 65. h3 Bd6 66. Kf5 Kd7 67. Re3 Rf4+ 68. Kg5 Rf1 {...Bf4+ is the strong threat.} 69. Kg4 Rg1+ 70. Kf5 Be7 71. Rf3 Rg5+ 72. Kf4 Ra5 73. Kg4 Ke6 74. h4 Ra8 75. Rf4 Bd6 76. Re4+ Be5 77. Re3 Rg8+ 78. Kh3 (78. Kf3 $1 $11) 78... Kf5 79. Rf3+ Bf4 80. Ra3 Rg1 81. h5 {[#]} Rh1+ ({Black should play} 81... Ke4 $1 $17) 82. Kg2 $11 Rh2+ 83. Kg1 Kg4 84. h6 Rxh6 85. Kf2 Rh2+ 86. Ke1 $1 Rb2 (86... Bc1 {seems wilder.} 87. Rd3 Rh6 88. Kd1 Rc6 89. Rb3 Bg5) 87. Kd1 $1 Kf5 88. Ra4 Ke5 89. Ke1 Be3 90. Kd1 Kd5 91. Rh4 Bd4 92. Rg4 Kc4 93. Rg3 Rh2 94. Rf3 Bc3 95. Rf4+ Kb3 96. Rf3 Rg2 97. Rd3 Kc4 98. Rf3 Kb3 99. Rd3 Rf2 100. Rd7 Kc4 101. Kc1 Bd4 102. Rh7 $1 Kd3 {[%cal Rf2f1]} (102... Ba1 {feels hotter.} 103. Rh4+ Kd5 104. Rh7 Ke6 105. Kd1 Kd6) 103. Rh3+ Be3+ 104. Kb1 Re2 105. Rf3 Kc3 106. Rf8 Rb2+ 107. Ka1 Rb5 {Threatens to win with ...Kc2.} 108. Rc8+ $1 Bc5 109. Rh8 Bd4 110. Rh3+ Kc4+ 111. Ka2 Rb2+ 112. Ka3 Rb1 {[%cal Rb1a1]} 113. Ka4 Rb8 {[%cal Rb8a8]} 114. Rh5 Rb7 115. Rg5 $1 Rb4+ 116. Ka5 Rb1 {[%cal Rb1a1]} 117. Ka6 Rb6+ 118. Ka5 Rh6 {( -> ...Bc3+)} 119. Rg4 $2 {[%mdl 8192]} (119. Ka4 $11) 119... Rh1 {[%cal Rh1a1]} 120. Ka6 {[#]} Rh7 $1 {Precision: White = 70%, Black = 71%.} 0-1

[Event "22nd Hogeschool Zeeland 2018"]
[Site "Vlissingen"]
[Date "2018.08.05"]
[Round "3"]
[White "Rijnaarts, Sjef"]
[Black "Van Foreest, Jorden"]
[Result "0-1"]
[WhiteElo "2339"]
[BlackElo "2636"]
[Annotator "TA"]
[PlyCount "57"]
[EventDate "2018.08.04"]
[EventType "swiss"]
[EventCountry "NED"]
[SourceTitle "playchess.com"]
[Source "ChessBase"]
[SourceQuality "1"]

{[%evp 21,57,-93,-97,-115,-116,-110,-108,-142,-165,-147,-157,-185,-92,-106,-98,-91,-97,-129,-117,-113,-110,-121,-128,-173,-86,-316,-312,-383,-388,-396,-133,-139,-112,-329,-310,-477,-459,-821]} 1. e4 c5 2. Nf3 d6 3. d4 cxd4 4. Nxd4 Nf6 5. Nc3 a6 6. Bg5 Nbd7 7. Qe2 {B94: Sicilian Najdorf: 6 Bg5 Nbd7} h6 8. Bh4 g6 9. f4 e5 (9... Qc7 10. O-O-O Bg7 11. g4 e5 12. fxe5 Nxe5 13. h3 Be6 14. Qf2 Nfd7 {½-½ (26) Carlsen,M (2842)-Svidler,P (2753) Biel 2018}) 10. O-O-O exd4 11. e5 dxc3 {LiveBook: 4 Games} ({Inferior is} 11... dxe5 12. fxe5 Bc5 13. exf6+ Kf8 14. Nd5 $16) 12. exf6+ {[#]} Ne5 $1 {[%mdl 512]} 13. fxe5 Be6 $1 {And now ...Qa5 would win.} 14. Qe3 $146 {[#]} ({Predecessor:} 14. Qe1 Rc8 {0-1 (28) Sek,K (2465)-Dreev,A (2647) Sochi 2017}) 14... cxb2+ $1 15. Kxb2 {Black should prevent exd6.} Qa5 $40 {[%mdl 128] Black has strong attack.} 16. exd6 Bxd6 (16... Qxa2+ $19 {is more deadly.} 17. Kc1 Rd8) 17. Rxd6 $17 Qb4+ 18. Kc1 Qxd6 19. Bg3 Qc6 20. Bd3 Kf8 ({And not} 20... Qxg2 {[#]} 21. Qc5 $1 {[%mdl 512]} Qxh1+ 22. Kb2 Qb1+ 23. Kxb1 Bxa2+ 24. Kxa2 Kd8 25. Qe7+ Kc8 26. Qc7#) 21. Be4 Qc4 22. Rd1 Qxa2 (22... Kg8 $19 {...Kh7 is the strong threat.} 23. Bxb7 Re8) 23. Rd4 $2 (23. Be5 $17 {was called for.}) 23... Rc8 $19 24. Bf4 Kg8 25. h4 Bb3 $2 (25... Qa1+ $19 26. Kd2 Bg4) 26. Bc7 $17 {h5 would now be nice for White.} b6 {Hoping for ...Kh7.} 27. g4 $2 (27. Qc3 $17 Rxc7 28. Rd8+ Kh7 29. Rxh8+ Kxh8 30. Qxc7 Qa1+ 31. Kd2 Qd4+ 32. Bd3) 27... h5 $19 28. Kd1 (28. cxb3 $142 Rxc7+ 29. Kd1 Qa1+ 30. Ke2 Qb2+ 31. Kf3 hxg4+ 32. Kxg4) 28... Be6 29. Rd6 {Precision: White = 11%, Black = 55%.} (29. Qd3 $142 Bxg4+ 30. Kd2 Qa5+ 31. c3) 0-1

[Event "22nd Hogeschool Zeeland 2018"]
[Site "Vlissingen"]
[Date "2018.08.05"]
[Round "3"]
[White "Aronsson, Marten"]
[Black "Ikonnikov, Vyacheslav"]
[Result "0-1"]
[WhiteElo "2303"]
[BlackElo "2546"]
[Annotator "TA"]
[PlyCount "86"]
[EventDate "2018.08.04"]
[EventType "swiss"]
[EventCountry "NED"]
[SourceTitle "playchess.com"]
[Source "ChessBase"]
[SourceQuality "1"]

{[%evp 9,86,-11,0,-6,0,-52,-52,-67,-70,-65,-51,-82,-73,-68,-61,-71,-82,-102,-102,-97,-112,-169,-153,-181,-160,-160,-164,-158,-159,-153,-165,-169,-160,-162,-154,-156,-151,-189,-193,-198,-192,-209,-215,-194,-178,-223,-177,-191,-195,-195,-129,-187,-184,-249,-145,-260,-253,-283,-283,-267,-290,-289,-247,-249,-187,-237,-232,-264,-265,-215,-124,-697,-686,-2352,-2331,-29996,-29997,-29997,-29998]} 1. d4 Nf6 2. Nf3 e6 3. g3 b5 4. Qd3 Ba6 5. Bg5 c5 6. e4 {A46: 1 d4 Nf6 2 Nf3 e6: Torre, London and Colle Systems} b4 $146 ({Predecessor:} 6... Qa5+ 7. Qd2 Qxd2+ 8. Nbxd2 Be7 9. e5 Nd5 10. Bxe7 Kxe7 11. dxc5 Rc8 12. Ne4 {½-½ (43) Krasenkow,M (2702)-Georgiev,K (2661) Saint Vincent 2000}) 7. Qe3 (7. Qd1 $11) 7... cxd4 $15 8. Qxd4 {Bxa6 is the strong threat.Black is slightly better.} Nc6 9. Qe3 Bxf1 10. Kxf1 h6 $36 {[%mdl 2048] Black is really pushing.} 11. Bxf6 Qxf6 12. e5 Qf5 13. Qd3 Qxd3+ 14. cxd3 {[#]} g5 $1 15. h3 (15. Nbd2 $17 {was called for.}) 15... Bg7 $19 16. d4 f6 {[%cal Rf6e5]} 17. Nbd2 fxe5 18. dxe5 Nxe5 19. Nxe5 Bxe5 20. Nc4 Bg7 21. Re1 O-O 22. Re2 Rac8 23. b3 d5 24. Ne3 Rc1+ 25. Kg2 Rxh1 26. Kxh1 {[%mdl 4096] Endgame KRB-KRN} Rc8 27. Kg2 Rc3 28. f4 gxf4 29. gxf4 Kf8 (29... h5 $19 30. Nd1 Rc1) 30. Nd1 (30. f5 $17) 30... Rc6 31. Kf3 (31. Ne3 $142) 31... Kf7 (31... h5 $19 32. Kg3 Kf7) 32. Ne3 (32. f5 $17 {was worth a try.}) 32... Bd4 {Threatens to win with ...Rc3.} 33. Nc2 Rc3+ 34. Kg4 Bc5 35. h4 a5 36. Ne1 Be7 37. Nc2 Bf6 38. Ne3 Rd3 39. Kh5 d4 ({Black should play} 39... Rd4 $19 40. Rf2 {[#]} e5 $1 {[%mdl 512]}) 40. Nf1 $2 {[%mdl 8192]} (40. Nc4 $17) 40... Rf3 41. Nh2 Rxf4 {[%csl Gf6][%cal Rf4h4]} 42. Ng4 Rf5+ 43. Kxh6 Bg7+ {Precision: White = 29%, Black = 83%.} 0-1

[Event "22nd Hogeschool Zeeland 2018"]
[Site "Vlissingen"]
[Date "2018.08.05"]
[Round "3"]
[White "Bezemer, Arno"]
[Black "Pruijssers, Roeland"]
[Result "0-1"]
[WhiteElo "2295"]
[BlackElo "2506"]
[Annotator "TA"]
[PlyCount "74"]
[EventDate "2018.08.04"]
[EventType "swiss"]
[EventCountry "NED"]
[SourceTitle "playchess.com"]
[Source "ChessBase"]
[SourceQuality "1"]

{[%evp 15,74,37,42,41,48,31,33,14,38,27,29,19,22,30,35,36,36,27,85,22,182,165,162,149,158,131,164,141,169,144,147,82,124,124,129,67,85,0,0,-50,-50,-49,-50,-57,-58,-55,-55,-59,-51,-74,-75,-375,-375,-453,-453,-430,-429,-1151,-1135,-1063,-1004]} 1. e4 c5 2. Nf3 e6 3. d4 cxd4 4. Nxd4 Nc6 5. Nc3 Qc7 6. Be3 a6 7. Qf3 {B48: Sizilianisch (Paulsen-Variante)} d6 8. Qg3 Nf6 {LiveBook: 5 Partien} 9. Be2 {Weiß steht etwas besser.} h5 10. f3 $146 ({Vorgänger:} 10. h4 Ng4 11. Bxg4 hxg4 12. O-O-O Ne5 13. f4 gxf3 14. gxf3 Bd7 {½-½ (34) Mamedov,R (2709)-Harikrishna,P (2744) Huaian 2017}) 10... Ne5 11. O-O Bd7 12. Rfd1 b5 13. a4 {[%cal Ra4b5]} b4 14. Na2 $36 {[%mdl 2048] Weiss drückt.} h4 15. Qe1 $1 d5 16. Nxb4 Qb7 {[#]} (16... Bxb4 $11 {hält das Gleichgewicht.} 17. Qxb4 dxe4) 17. Nd3 ({Besser ist} 17. Nxa6 $1 $16 {Und weiter mit Da5 wäre nett.} Nc4 18. Bf2 (18. Bxc4 dxc4 19. Nxe6 fxe6 $15) 18... Qxa6 19. b3) 17... Nc4 $2 {[#]} (17... Nxd3 $1 $11 {und Schwarz muss sich keine Sorgen machen.} 18. Rxd3 (18. Bxd3 dxe4 19. fxe4 Ng4 $11) (18. cxd3 Bd6 $14) 18... Bd6) 18. Bf2 $1 $18 {zielt auf b3 ab.} dxe4 19. fxe4 Qxe4 20. Bf3 Qxe1+ 21. Rxe1 O-O-O 22. b3 Nd2 23. Ne5 ({Lieber} 23. b4) 23... Nxf3+ 24. Ndxf3 ({Doch nicht} 24. gxf3 $6 Be8 $11) 24... Be8 25. Ng5 (25. Bxh4 $16 Kb7 26. c3) 25... Rh5 $1 $14 {[%cal Bh8h5,Bh5g5,Bg5g4][%mdl 32]} 26. Nexf7 (26. Ngxf7 $16 Rd2 27. Rad1 Rxd1 28. Rxd1) 26... Rd7 $11 27. Ne5 (27. Nd8 $5 Rxd8 28. Nxe6 $14) 27... Rxg5 28. Nxd7 Bxd7 29. Bxh4 Rg4 30. Bf2 Bc6 {[%mdl 1024] Schwarz hat Kompensation.} 31. g3 Ne4 $1 32. Be3 Bb4 33. Rf1 $2 {[%mdl 8192] [#]} (33. Re2 $17) 33... Nxg3 $1 $19 {[%mdl 512] ( -> ...Sh1#)} 34. hxg3 Rxg3+ {Schwarz steht klar auf Gewinn.} 35. Kh2 Rxe3 36. Rf2 (36. Rad1 $142) 36... Bd6+ 37. Kg1 Rh3 {Precision: Weiß = 33%, Schwarz = 68%.} 0-1

[Event "22nd Hogeschool Zeeland 2018"]
[Site "Vlissingen"]
[Date "2018.08.05"]
[Round "3"]
[White "De Boer, Eelke"]
[Black "Wan, Yunguo"]
[Result "0-1"]
[WhiteElo "2292"]
[BlackElo "2501"]
[Annotator "TA"]
[PlyCount "92"]
[EventDate "2018.08.04"]
[EventType "swiss"]
[EventCountry "NED"]
[SourceTitle "playchess.com"]
[Source "ChessBase"]
[SourceQuality "1"]

{[%evp 30,92,78,76,84,75,83,71,82,10,18,19,43,0,0,0,0,0,0,0,0,0,0,0,0,0,0,0,0,2,0,-9,-10,-9,-9,-9,-10,-10,-10,-10,-12,-20,-20,-20,-23,-19,-35,-33,-8,-60,-40,-645,-639,-871,-219,-874,-864,-786,-748,-1429,-1045,-991,-991,-5097,-446]} 1. e4 c5 2. Nf3 Nc6 3. d4 cxd4 4. Nxd4 Nf6 5. Nc3 e5 6. Ndb5 {[%cal Bd4b5,Bb5a3,Ba3c2,Bc2e3][%mdl 32]} d6 7. Bg5 a6 8. Na3 b5 9. Nd5 Be7 10. Bxf6 Bxf6 11. c3 O-O 12. Nc2 Rb8 13. h4 Be7 14. g3 {B33: Sicilian: Pelikan and Sveshnikov Variations} (14. Nce3 Be6 15. a4 Qd7 16. Be2 Bd8 17. axb5 axb5 18. h5 Bg5 19. O-O h6 20. Ra6 Bxe3 21. Nxe3 Rfd8 {½-½ (46) Langeveld,R (2687)-Kribben,M (2653) ICCF email 2014}) 14... Be6 15. a3 a5 16. Nce3 {LiveBook: 4 Games. White is better.} a4 17. Bd3 Qd7 18. Qe2 Na5 19. Rb1 $146 (19. O-O-O $16) ({Predecessor:} 19. Rd1 Bd8 20. O-O Nb3 21. Bc2 Nc5 {1-0 (32) Lanka,Z (2488)-Sprenger,J (2431) Hamburg 2003}) 19... Bd8 $11 20. O-O Nb3 21. Rfd1 g6 22. h5 Nc5 23. Bc2 f5 {[#] White must now prevent ...f4.} 24. hxg6 fxe4 25. Qh5 Rb7 26. Nb4 Rf6 {[%cal Bf8f6,Bf6h6,Bh6h1][%mdl 32]} 27. Qxh7+ Qxh7 28. gxh7+ Rxh7 {[#] Hoping for ...Rfh6.} 29. Rxd6 Be7 30. Nbd5 Rfh6 $1 {[%cal Rh6h1]} 31. Nxe7+ Kf7 $1 {( -> ...Rh1+)} 32. g4 $1 (32. N3d5 $2 {gets mated.} Rh1+ 33. Kg2 R7h2#) 32... Rh1+ $40 {[%mdl 128] Black attacks.} 33. Kg2 R1h2+ 34. Kf1 Kxe7 35. Rd2 Nd3 36. Rxd3 $1 exd3 37. Bxd3 Rf7 38. Nf5+ Kf6 {Threatens to win with ...Bc4.} 39. Kg1 (39. Re1 $11) 39... Rh3 (39... Rfh7 $5 {[%cal Rh2h1]} 40. Ng3 R7h4 $15) 40. Bf1 $2 {[%mdl 8192]} (40. Be4 $15) 40... Bxf5 $19 41. gxf5 {[%mdl 4096] Endgame KRR-KRB} Rg7+ 42. Bg2 Rh4 {Black is clearly winning.} 43. f3 Rh3 44. Rf1 Kxf5 45. Rf2 Kf4 46. Kf1 Rh2 {Precision: White = 39%, Black = 93%.} 0-1

[Event "22nd Hogeschool Zeeland 2018"]
[Site "Vlissingen"]
[Date "2018.08.05"]
[Round "3"]
[White "Vedder, Richard"]
[Black "Admiraal, Miguoel"]
[Result "1/2-1/2"]
[WhiteElo "2284"]
[BlackElo "2479"]
[Annotator "TA"]
[PlyCount "93"]
[EventDate "2018.08.04"]
[EventType "swiss"]
[EventCountry "NED"]
[SourceTitle "playchess.com"]
[Source "ChessBase"]
[SourceQuality "1"]

{[%evp 22,93,-10,-21,8,3,19,-15,-12,-26,-14,-22,-11,-18,-19,-25,-19,-48,-25,-17,-27,-31,-27,-41,-17,-30,-11,-4,0,-6,0,0,4,-7,0,0,0,0,0,0,0,0,0,0,4,0,0,0,2,0,6,6,6,0,6,0,0,0,0,0,6,0,27,0,0,0,0,0,0,0,2,0,294,293]} 1. d4 Nf6 2. c4 e6 3. Nf3 d5 4. Nc3 c6 5. e3 Nbd7 6. Bd3 dxc4 7. Bxc4 b5 8. Bd3 Bb7 9. O-O a6 10. Qe2 c5 11. Rd1 Qc7 12. Bd2 {LiveBook: 12 Games} Be7 {D48: Semi-Slav: Meran System: 7...b5 8 Bd3 a6} 13. Rac1 Qb6 14. Bb1 O-O {The position is equal.} 15. Be1 Rfd8 16. a3 {[#]} h6 $146 ({Predecessor:} 16... Rac8 17. h3 Bf8 18. Ne5 {½-½ (59) Aleksandrov,A (2654)-Markowski,T (2538) Batumi 2002}) 17. dxc5 Nxc5 18. b4 Ncd7 {[%cal Bc5d7,Bd7e5,Be5c4][%mdl 32]} 19. e4 Rac8 20. Bd2 {Black should prevent Be3.} Qa7 21. Be3 Qa8 22. Nd2 Ne5 23. h3 Nc4 24. Nxc4 Rxc4 25. Rxd8+ Bxd8 26. f3 Qc8 27. Qd3 Bc7 28. Ba2 Rc6 29. Ne2 Rxc1+ 30. Nxc1 Nd7 31. Ne2 Ne5 32. Qd4 Ng6 33. Qc5 Qd8 34. Qd4 Qc8 (34... Qe7 {looks sharper.} 35. Qc5 Qxc5 36. Bxc5 Nf4 37. Kf1 Nd3) 35. Qc3 Qb8 36. Bd4 Be5 37. Bxe5 Nxe5 38. Kf2 Qd6 39. Nd4 g5 40. Bb1 Nc4 41. a4 Qb6 {[#] aiming for ...e5.} 42. axb5 axb5 {And now ...e5 would win.} 43. Kg3 Qc7+ 44. Kf2 Qb6 45. Kg3 e5 46. Nf5 {[#] Hoping for Ba2.} Qg1 $2 {[%mdl 8192]} (46... Bc8 $1 $11 {and Black is okay.}) 47. Ba2 {[%mdl 32768] Precision: White = 54%, Black = 65%. . An unexpected result.} ({Weaker is} 47. Nxh6+ Kh7 $11) 1/2-1/2

[Event "22nd Hogeschool Zeeland 2018"]
[Site "Vlissingen"]
[Date "2018.08.05"]
[Round "3"]
[White "Frayna, Janelle Mae"]
[Black "Romanishin, Oleg M"]
[Result "1/2-1/2"]
[WhiteElo "2278"]
[BlackElo "2441"]
[Annotator "TA"]
[PlyCount "34"]
[EventDate "2018.08.04"]
[EventType "swiss"]
[EventCountry "NED"]
[SourceTitle "playchess.com"]
[Source "ChessBase"]
[SourceQuality "1"]

{[%evp 11,34,27,40,30,45,12,28,-12,15,8,12,8,23,0,0,0,0,0,0,0,0,0,0,-9,-3]} 1. Nf3 Nf6 2. c4 e6 3. g3 a6 4. Bg2 b5 5. b3 Bb7 6. O-O d6 {LiveBook: 3 Partien. A13: Reti-Eröffnung} 7. d4 Nbd7 8. a4 $146 ({Vorgänger:} 8. Nc3 b4 9. Na4 Be7 10. Ne1 Bxg2 11. Nxg2 c5 12. d5 exd5 13. cxd5 O-O 14. Ne3 {½-½ (70) Sandipan,C (2640)-Fedorchuk,S (2635) Germany 2011}) 8... b4 9. a5 Rb8 10. Bb2 Be7 11. Nbd2 O-O 12. Qc2 c5 {Die Stellung ist ausgeglichen.} 13. e3 Qc7 14. Rfd1 g6 15. Qd3 Rfe8 16. Ne1 Bxg2 17. Nxg2 Qb7 {Precision: Weiß = 54%, Schwarz = 61%.} 1/2-1/2

[Event "22nd Hogeschool Zeeland 2018"]
[Site "Vlissingen"]
[Date "2018.08.05"]
[Round "3"]
[White "Ojas Kulkarni"]
[Black "Warmerdam, Max"]
[Result "1/2-1/2"]
[WhiteElo "2256"]
[BlackElo "2421"]
[Annotator "TA"]
[PlyCount "137"]
[EventDate "2018.08.04"]
[EventType "swiss"]
[EventCountry "NED"]
[SourceTitle "playchess.com"]
[Source "ChessBase"]
[SourceQuality "1"]

{[%evp 26,137,12,14,72,34,18,7,33,31,34,0,113,112,110,116,100,34,27,27,35,31,40,23,57,14,17,12,8,4,8,8,7,7,20,-31,-47,-62,-62,-62,-62,-62,-70,-113,-94,-108,0,-4,0,0,0,0,0,0,0,0,0,0,0,0,0,-8,0,0,0,0,0,0,0,0,0,0,0,0,0,0,0,0,0,0,0,0,0,0,0,0,0,0,0,-18,-20,-20,-27,-27,-28,-28,0,-28,0,-28,0,0,0,0,0,0,0,0,0,0,0,0,0,0]} 1. d4 Nf6 2. c4 g6 3. Nc3 Bg7 4. e4 d6 5. Be2 O-O 6. Be3 Na6 7. Nf3 e5 8. O-O Ng4 9. Bg5 Qe8 10. Re1 {E94: King's Indian: Classical: 6 Be2 e5 7 0-0: Various Black 7th moves} exd4 11. Nxd4 Qe5 12. Nf3 Qc5 13. Bh4 Be6 14. Rc1 {LiveBook: 10 Games} Qb6 (14... Ne5 $11 {keeps the balance.}) 15. b3 $146 (15. Na4 $5 {[%cal Ra4b6]} Qa5 16. a3 $14) ({Predecessor:} 15. Na4 Qc6 16. h3 Ne5 17. Nd4 Qxe4 18. Nxe6 fxe6 {0-1 (56) Oganian,M (2454)-Kovalev,V (2636) Sochi 2017}) 15... Nc5 16. Bf1 a5 17. Nd4 Ne5 18. Ndb5 Nc6 (18... c6 $1 $11 {remains equal.} 19. Nxd6 (19. Qxd6 Rad8 $14) 19... Rfd8) 19. Nd5 $16 Bxd5 20. cxd5 Na7 21. a4 (21. Nc3 $16) 21... Rfe8 22. Qc2 Nxb5 23. Bxb5 c6 24. Bc4 Qb4 25. dxc6 (25. Bg5 {with more complications.} Rab8 26. Bd2 Qb6 27. g3 Qd8 28. dxc6 bxc6 29. Rcd1) 25... bxc6 26. Bg3 d5 $36 {[%mdl 2048] Black is pushing.} 27. Bxd5 $1 cxd5 28. Qxc5 Rxe4 29. Rxe4 Qxe4 30. f3 (30. Qc6 $11 Rd8 31. h3) 30... Bd4+ $15 31. Bf2 Bxc5 32. fxe4 Bxf2+ 33. Kxf2 dxe4 {[%mdl 4096] Endgame KR-KR} 34. Rc5 f5 35. g4 Rf8 (35... fxg4 $17 36. Ke3 h5) 36. Ke3 fxg4 37. Rxa5 Rf3+ 38. Kxe4 Rxb3 39. Kf4 Rh3 40. Kxg4 Rxh2 41. Ra7 Rh5 42. Kg3 Rc5 43. Kg4 h5+ 44. Kh4 Rd5 45. a5 Rb5 46. a6 Ra5 47. Rb7 Rxa6 48. Kg5 Re6 49. Ra7 Kf8 50. Rb7 Ke8 51. Ra7 Kf8 52. Rb7 Re7 53. Rb6 Rg7 54. Rb8+ Kf7 55. Rb7+ Kg8 56. Rb8+ Kh7 57. Ra8 Rf7 {[#] And now ...Rf5+ would win.} 58. Ra5 Kg7 59. Rb5 Rc7 60. Ra5 $1 Kf7 61. Rb5 Ra7 62. Rc5 Ra1 {[#] ...Rg1+ is the strong threat.} 63. Rc7+ {The position is equal.} Ke6 {Strongly threatening ...Rg1+.} (63... Kf8 {is more complex.} 64. Kxg6 Rh1 65. Rc8+ Ke7 66. Rc7+ Ke8) 64. Kxg6 h4 65. Kg5 h3 {aiming for ...h2.} 66. Rh7 Rh1 {White must now prevent ...h2.} 67. Kg4 Ke5 68. Rxh3 Rxh3 69. Kxh3 {Precision: White = 72%, Black = 56%.} 1/2-1/2

[Event "22nd Hogeschool Zeeland 2018"]
[Site "Vlissingen"]
[Date "2018.08.05"]
[Round "3"]
[White "De Waele, Warre"]
[Black "Van Delft, Merijn"]
[Result "1/2-1/2"]
[WhiteElo "2237"]
[BlackElo "2395"]
[Annotator "NA"]
[PlyCount "42"]
[EventDate "2018.08.04"]
[EventType "swiss"]
[EventCountry "NED"]
[SourceTitle "playchess.com"]
[Source "ChessBase"]
[SourceQuality "1"]
[TimeControl "40/5400+30:1800+30"]

1. d4 {[%emt 0:00:00]} d5 {[%emt 0:00:00]} 2. c4 {[%emt 0:00:00]} c6 {[%emt 0:00:00]} 3. Nf3 {[%emt 0:00:00]} Nf6 {[%emt 0:00:00]} 4. Nc3 {[%emt 0:00:02]} e6 {[%emt 0:00:05]} 5. e3 {[%emt 0:00:06]} Nbd7 {[%emt 0:00:25]} 6. b3 {[%emt 0:00:21]} Bb4 {[%emt 0:01:56]} 7. Bd2 {[%emt 0:00:20]} O-O {[%emt 0:02:34]} 8. Be2 {[%emt 0:05:45]} b6 {[%emt 0:04:44]} 9. O-O {[%emt 0:00:13]} Qe7 {[%emt 0:04:59]} 10. Bd3 {[%emt 0:06:44]} Bb7 {[%emt 0:00:55]} 11. Qc2 {[%emt 0:17:57]} dxc4 {[%emt 0:06:00]} 12. bxc4 {[%emt 0:00:07]} c5 {[%emt 0:00:48]} 13. Ne4 {[%emt 0:02:52]} Bxd2 {[%emt 0:02:31]} 14. Nexd2 {[%emt 0:00:09]} Rfd8 {[%emt 0:02:08]} 15. Rfe1 {[%emt 0:14:20]} g6 {[%emt 0:04:16]} 16. a4 {[%emt 0:07:29]} Nb8 {[%emt 0:05:24]} 17. a5 {[%emt 0:00:24]} Nc6 {[%emt 0:02:21]} 18. axb6 {[%emt 0:00:18]} Nb4 {[%emt 0:05:20]} 19. Qc3 {[%emt 0:01:15]} axb6 {[%emt 0:01:25]} 20. Bf1 {[%emt 0:00:46]} Rxa1 {[%emt 0:12:45]} 21. Rxa1 {[%emt 0:00:13]} Ra8 {[%emt 0:00:22]} 1/2-1/2